| 000 | 00617nam a22002177a 4500 | ||
|---|---|---|---|
| 003 | OSt | ||
| 005 | 20180423191717.0 | ||
| 008 | 170131b xxu||||| |||| 00| 0 eng d | ||
| 020 | _a0748768378 | ||
| 040 | _cDMLN | ||
| 082 | _aWS113 D24g 2002 | ||
| 100 |
_aDare, Angela; O'Donovan, Margaret _911471 |
||
| 245 | _aGood practice in Caring for Children with Special needs | ||
| 250 | _a2nd ed. | ||
| 260 | _aCheltenham; Nelson Thornes, 2002 | ||
| 300 | _avi,410p; ill: 24cm | ||
| 504 | _aReferences, & index included | ||
| 650 |
_aChild special needs _911472 |
||
| 650 |
_aPaediatrics _93350 |
||
| 942 |
_2z _cO_SHELF |
||
| 999 |
_c5498 _d5498 |
||